000
00310nam a22001337a 4500
008
181025b xxu||||| |||| 00| 0 eng d
020
_a
9780262072090
041
_a
eng
080
_a
321
100
_a
21
101
_a
POL
245
_a
Global Conflicting National Intesests
_c
Gomory.R.E
942
_2
udc
_c
BK
999
_c
50927
_d
50927